00000000nam##2200000za#4500
0019.648080
003CaOODSP
00520200401055946
007ta
008150407|2001||||xxc|||||     f|0| 0 eng|d
020 |a0-662-30065-3
040 |aCaOODSP|beng
043 |an-cn---
0861 |aE2-223/2000E
1101 |aCanada.|bForeign Affairs and International Trade. |bCanadian Centre for Foreign Policy Development.
24510|aReport from the Roundtable on Nigeria
260 |aOttawa - Ontario : |bForeign Affairs and International Trade. |c2001.
300 |a13p. ; |c28 cm.
563 |aSoftcover
590 |a01-48|b2001-11-30
69007|aForeign policy|2gcpds
69007|aElectoral system|2gcpds
69007|aConstitution|2gcpds
7760#|tReport from the Roundtable on Nigeria, 20 March 2000 (Ottawa) |w(CaOODSP)9.686022
986 |a4005.7E